Nazwij granicę każdego stanu USA - Statystyki

Ogólne statystyki
  • Ten quiz został rozwiązany 5 razy
  • Średni wynik to 25 z 48
Statystyki odpowiedzi
Stan Granice % Poprawnych
Alabama
100%
Arizona
100%
Dakota Północna
100%
Arkansas
80%
Connecticut
80%
Dakota Południowa
80%
Floryda
80%
Georgia
80%
Kalifornia
80%
Karolina Północna
80%
Karolina Południowa
80%
Kolorado
80%
Luizjana
80%
Maryland
80%
Massachusetts
80%
Michigan
80%
Idaho
60%
Illinois
60%
Indiana
60%
Kentucky
60%
Maine
60%
Missisipi
60%
Oregon
60%
Delaware
40%
Iowa
40%
Kansas
40%
Minnesota
40%
Missouri
40%
Nevada
40%
New Hampshire
40%
Nowy Jork
40%
Nowy Meksyk
40%
Pensylwania
40%
Waszyngton
40%
Montana
20%
Nebraska
20%
New Jersey
20%
Ohio
20%
Oklahoma
20%
Rhode Island
20%
Teksas
20%
Tennessee
20%
Utah
20%
Vermont
20%
Wirginia
20%
Wirginia Zachodnia
20%
Wisconsin
20%
Wyoming
20%
Nie znaleziono quizów pasujących do podanych kryteriów
Rozkład punktacji
Procent ludzi z każdym wynikiem
Percentyl według liczby udzielonych odpowiedzi
Twoja historia wyników
Nie rozwiązałeś tego quizu